Top 15 Taylor Swift songs - Statistics

General Stats
  • This quiz has been taken 695 times
  • The average score is 9 of 15
Answer Stats
Answer % Correct
Shake It Off
88%
Love Story
86%
Blank Space
83%
You Belong With Me
82%
We Are Never Ever Getting Back Together
74%
Bad Blood
72%
Look What You Made Me Do
72%
I Knew You Were Trouble
70%
Style
69%
Wildest Dreams
64%
Our Song
59%
Mine
45%
Back To December
31%
Teardrops on My Guitar
31%
I Don't Wanna Live Forever
16%
No matching quizzes found
Score Distribution
Percent of People with Each Score
Percentile by Number Answered
Your Score History
You have not taken this quiz